[Event "WY U-16 Chess Olympiad 2019"]
[Site "Corum"]
[Date "2019.10.30"]
[Round "3"]
[White "Lukin, Elisha"]
[Black "Gurel, Ediz"]
[Result "1-0"]
[WhiteElo "2280"]
[BlackElo "1995"]
[Annotator "NA"]
[PlyCount "85"]
[EventDate "2019.10.28"]
[EventType "team-tourn"]
[EventCountry "TUR"]
[SourceTitle "playchess.com"]
[Source "ChessBase"]
[SourceQuality "1"]

1. d4 Nf6 2. c4 e6 3. Nc3 Bb4 4. e3 O-O 5. Bd3 c5 6. Nge2 cxd4 7. exd4 d5 8. cxd5 Nxd5 9. a3 Be7 10. Nxd5 exd5 11. Nf4 Nc6 12. O-O Bf6 13. Be3 g6 14. Rc1 Ne7 15. Rc5 b6 16. Rc3 Bb7 17. Qf3 Qd6 18. Qg3 Rfd8 19. Nh5 Rac8 20. Bf4 Qe6 21. Nxf6+ Qxf6 22. Be5 Qe6 23. f4 Rxc3 24. bxc3 f5 25. Qg5 Rf8 26. h4 Bc8 27. h5 Nc6 28. Rf3 Nxe5 29. fxe5 Kg7 30. hxg6 hxg6 31. Rh3 Qg8 32. Rh6 Qf7 33. Qh4 Qg8 34. g4 Be6 35. Qg5 Qf7 36. Rh2 Kg8 37. Qh4 Qg7 38. gxf5 Bxf5 39. Bxf5 Rxf5 40. Qd8+ Qf8 41. Qxd5+ Kg7 42. Qd7+ Rf7 43. Qh3 1-0

[Event "WY U-16 Chess Olympiad 2019"]
[Site "Corum"]
[Date "2019.10.30"]
[Round "3"]
[White "Ozenir, Ekin Baris"]
[Black "Siniauski, Artsiom"]
[Result "0-1"]
[WhiteElo "2274"]
[BlackElo "2233"]
[Annotator "NA"]
[PlyCount "166"]
[EventDate "2019.10.28"]
[EventType "team-tourn"]
[EventCountry "TUR"]
[SourceTitle "playchess.com"]
[Source "ChessBase"]
[SourceQuality "1"]

1. d4 e6 2. c4 Nf6 3. Nc3 Bb4 4. e3 c5 5. Bd3 O-O 6. Nge2 cxd4 7. exd4 d5 8. cxd5 Nxd5 9. O-O Nc6 10. Nxd5 exd5 11. Nf4 g6 12. Be3 Bd6 13. Qf3 Bxf4 14. Qxf4 Ne7 15. Rac1 Bf5 16. Be2 Rc8 17. Rxc8 Nxc8 18. Bf3 Re8 19. Rc1 Be4 20. Qc7 Bxf3 21. Qxd8 Rxd8 22. gxf3 Nd6 23. Rc7 f6 24. Kf1 g5 25. Ke2 Rc8 26. Rd7 Rc6 27. Kd3 Rb6 28. b3 h6 29. Bd2 Kf8 30. Bb4 Rxb4 31. Rxd6 Ke7 32. Rxd5 Rb6 33. Ra5 a6 34. Rc5 Kd7 35. Rc1 Re6 36. Rg1 Kd6 37. Rg3 Kd5 38. Rh3 f5 39. Rh5 Re1 40. Rxh6 Rd1+ 41. Kc3 Rc1+ 42. Kb4 Kxd4 43. Rg6 Rc2 44. Rxg5 Ke5 45. Rg2 Rxa2 46. h4 Rc2 47. h5 Rc6 48. Rh2 Rh6 49. Rh4 Kf6 50. f4 Kg7 51. Rh3 Rb6+ 52. Kc5 Rb5+ 53. Kd6 Kh6 54. Ke6 a5 55. Kd6 b6 56. Ke6 Rc5 57. Ke7 b5 58. Kd6 Rc8 59. Re3 a4 60. bxa4 bxa4 61. Ra3 Ra8 62. Ke6 Ra5 63. Kf6 Kxh5 64. f3 Kh4 65. Kg6 Kh3 66. Kf6 Kg2 67. Kg6 Kh2 68. Kf6 Kh3 69. Kg6 Kg2 70. Kf6 Kf2 71. Kg6 Ke2 72. Kf6 Kd2 73. Kg6 Kc2 74. Kf6 Kb2 75. Rxa4 Rxa4 76. Kxf5 Kc3 77. Ke5 Ra5+ 78. Ke4 Kc4 79. f5 Kc5 80. Ke5 Kc6+ 81. Ke6 Ra3 82. f6 Re3+ 83. Kf7 Kd7 0-1

[Event "WY U-16 Chess Olympiad 2019"]
[Site "Corum"]
[Date "2019.10.30"]
[Round "3"]
[White "Ivanovic, Marko"]
[Black "Soto, Miguel Angel"]
[Result "0-1"]
[WhiteElo "2269"]
[BlackElo "2283"]
[Annotator "NA"]
[PlyCount "70"]
[EventDate "2019.10.28"]
[EventType "team-tourn"]
[EventCountry "TUR"]
[SourceTitle "playchess.com"]
[Source "ChessBase"]
[SourceQuality "1"]

1. d4 Nf6 2. c4 c5 3. d5 b5 4. cxb5 a6 5. e3 g6 6. Nc3 Bg7 7. a4 axb5 8. Bxb5 O-O 9. Nf3 d6 10. O-O Ba6 11. Re1 Bxb5 12. Nxb5 Na6 13. e4 Nd7 14. Qe2 Nc7 15. Bg5 Nxb5 16. axb5 Rb8 17. Ra7 Re8 18. Rea1 Nb6 19. R1a6 Nc8 20. Ra8 Rb7 21. e5 dxe5 22. Qc4 Qd7 23. Rc6 Nd6 24. Qa4 Rxb5 25. Bxe7 Rxb2 26. h3 Qxe7 27. Rxd6 Rf8 28. Rc6 e4 29. d6 Qe6 30. Rxf8+ Bxf8 31. d7 Rb1+ 32. Kh2 Bd6+ 33. g3 Qxd7 34. Qxe4 Rb4 35. Ne5 Bxe5 0-1

[Event "WY U-16 Chess Olympiad 2019"]
[Site "Corum"]
[Date "2019.10.30"]
[Round "3"]
[White "Svanda, Ondrej"]
[Black "Altundal, Arda"]
[Result "1-0"]
[WhiteElo "2268"]
[BlackElo "1776"]
[Annotator "NA"]
[PlyCount "91"]
[EventDate "2019.10.28"]
[EventType "team-tourn"]
[EventCountry "TUR"]
[SourceTitle "playchess.com"]
[Source "ChessBase"]
[SourceQuality "1"]

1. Nf3 d5 2. c4 e6 3. g3 g6 4. Bg2 Bg7 5. O-O Nf6 6. d4 O-O 7. Nbd2 b6 8. b3 Bb7 9. Bb2 Nbd7 10. Qc2 c5 11. e3 Rc8 12. Rac1 Qe7 13. Qb1 Rfd8 14. Qa1 Ne4 15. Nxe4 dxe4 16. Nd2 f5 17. Rfd1 e5 18. d5 Qd6 19. Re1 Bf6 20. a3 Kf7 21. Bh3 Qf8 22. Rf1 Qh6 23. Bg2 Ke7 24. Rce1 Rf8 25. f3 exf3 26. Nxf3 e4 27. Bxf6+ Nxf6 28. Qe5+ Kf7 29. Qe6+ Kg7 30. Nh4 Rfe8 31. Qxf5 g5 32. Qxf6+ Qxf6 33. Rxf6 Kxf6 34. Rf1+ Ke5 35. Rf5+ Kd6 36. Rxg5 Re5 37. Nf5+ Kc7 38. Rg7+ Kd8 39. Nd6 Rc7 40. Nxb7+ Kc8 41. Nd6+ Kd8 42. Rxc7 Kxc7 43. Nxe4 a6 44. Kf2 Rf5+ 45. Ke2 Kd7 46. Bh3 1-0

[Event "WY U-16 Chess Olympiad 2019"]
[Site "Corum"]
[Date "2019.10.30"]
[Round "3"]
[White "Rodrigue-Lemieux, Shawn"]
[Black "Chong, Kai Ni Agnes"]
[Result "1-0"]
[WhiteElo "2263"]
[BlackElo "1901"]
[Annotator "NA"]
[PlyCount "71"]
[EventDate "2019.10.28"]
[EventType "team-tourn"]
[EventCountry "TUR"]
[SourceTitle "playchess.com"]
[Source "ChessBase"]
[SourceQuality "1"]

1. d4 d5 2. Nf3 Nf6 3. Bf4 c5 4. e3 Nc6 5. c3 e6 6. Nbd2 Bd6 7. Bg3 O-O 8. Bd3 b6 9. e4 dxe4 10. Nxe4 Nxe4 11. Bxe4 Bb7 12. dxc5 Bxc5 13. Qa4 Na5 14. Rd1 Qf6 15. Bh4 Qh6 16. Bg5 Qh5 17. g4 Qh3 18. Ng1 b5 19. Qxa5 Qxg4 20. Bxb7 Rab8 21. Be7 Bxe7 22. Bf3 Qf5 23. Qc7 Bc5 24. Qc6 Rfd8 25. Qe4 Rxd1+ 26. Kxd1 Qg5 27. Kc2 Rd8 28. Qe2 Qh4 29. Be4 f5 30. Bd3 Qa4+ 31. Kb1 Kf7 32. Nf3 Be7 33. Re1 Rd6 34. Bxf5 Ra6 35. Bxe6+ Kf8 36. Bb3 1-0

[Event "WY U-16 Chess Olympiad 2019"]
[Site "Corum"]
[Date "2019.10.30"]
[Round "3"]
[White "Peycheva, Gergana"]
[Black "Berdnyk, Mariia"]
[Result "1-0"]
[WhiteElo "2246"]
[BlackElo "2349"]
[Annotator "NA"]
[PlyCount "71"]
[EventDate "2019.10.28"]
[EventType "team-tourn"]
[EventCountry "TUR"]
[SourceTitle "playchess.com"]
[Source "ChessBase"]
[SourceQuality "1"]

1. d4 Nf6 2. Nf3 g6 3. Bf4 Bg7 4. e3 d6 5. Be2 O-O 6. c4 c6 7. Nc3 Qa5 8. Rc1 Ne4 9. a3 Nxc3 10. Rxc3 e5 11. b4 Qc7 12. Bg3 e4 13. Nd2 Qe7 14. c5 dxc5 15. bxc5 Rd8 16. Bd6 Qg5 17. Nxe4 Qxg2 18. Bf3 Qh3 19. Rg1 h6 20. Rg3 Qh4 21. Qb3 Re8 22. Be5 Nd7 23. Bxg7 Rxe4 24. Rxg6 Nf8 25. Bf6+ Nxg6 26. Bxh4 Rxh4 27. e4 Rxh2 28. Be2 Nf4 29. Rf3 Ne6 30. Qe3 Ng5 31. Rg3 Kh7 32. Bd3 Bd7 33. f4 Ne6 34. e5+ Kh8 35. Qe4 Nf8 36. e6 1-0

[Event "WY U-16 Chess Olympiad 2019"]
[Site "Corum"]
[Date "2019.10.30"]
[Round "3"]
[White "Ajay Karthikeyan"]
[Black "Isanzhulov, Arystan"]
[Result "1-0"]
[WhiteElo "2214"]
[BlackElo "2305"]
[Annotator "NA"]
[PlyCount "65"]
[EventDate "2019.10.28"]
[EventType "team-tourn"]
[EventCountry "TUR"]
[SourceTitle "playchess.com"]
[Source "ChessBase"]
[SourceQuality "1"]

1. e4 d5 2. exd5 Nf6 3. Nf3 Nxd5 4. d4 Bf5 5. Bd3 Bxd3 6. Qxd3 c6 7. O-O e6 8. c4 Nf6 9. Re1 Be7 10. Nc3 O-O 11. Bf4 Nbd7 12. Rad1 Bb4 13. a3 Bxc3 14. Qxc3 b5 15. b3 Qb6 16. Bd6 Rfc8 17. Ne5 c5 18. Nxd7 Nxd7 19. dxc5 Nxc5 20. Qg3 Nd7 21. c5 Qb7 22. b4 Re8 23. h4 Kh8 24. h5 h6 25. Qc3 Nf6 26. c6 Qa6 27. Be5 Nd5 28. Bxg7+ Kh7 29. Rxd5 exd5 30. Rxe8 Rxe8 31. Qf6 Re1+ 32. Kh2 Kg8 33. Bxh6 1-0

[Event "WY U-16 Chess Olympiad 2019"]
[Site "Corum"]
[Date "2019.10.30"]
[Round "3"]
[White "Nurgali, Nazerke"]
[Black "Utsab Chatterjee"]
[Result "1-0"]
[WhiteElo "2194"]
[BlackElo "2211"]
[Annotator "NA"]
[PlyCount "103"]
[EventDate "2019.10.28"]
[EventType "team-tourn"]
[EventCountry "TUR"]
[SourceTitle "playchess.com"]
[Source "ChessBase"]
[SourceQuality "1"]

1. d4 d5 2. Nf3 Nf6 3. c4 e6 4. g3 Be7 5. Bg2 O-O 6. O-O dxc4 7. Qc2 a6 8. a4 Bd7 9. Qxc4 Bc6 10. Bf4 Bd6 11. Qc1 a5 12. Nc3 Nbd7 13. Re1 Ne4 14. Ne5 Bxe5 15. Bxe5 Nxe5 16. dxe5 Nc5 17. Qe3 Qe7 18. Bxc6 bxc6 19. Ne4 Nxe4 20. Qxe4 Rab8 21. Qxc6 Rxb2 22. Rac1 Qb4 23. Red1 Rxe2 24. Qxc7 h6 25. Rc4 Qb3 26. Rcd4 Qb2 27. Rd8 Rxd8 28. Rxd8+ Kh7 29. Qxf7 Rxe5 30. h4 Qb1+ 31. Kh2 Qf5 32. Qxf5+ Rxf5 33. Kg2 Kg6 34. Ra8 Rd5 35. Kf3 Kf5 36. Ra7 g6 37. g4+ Ke5 38. Ke3 g5 39. h5 Rc5 40. Rh7 Rc3+ 41. Ke2 Rc4 42. f3 Rxa4 43. Rxh6 Ra2+ 44. Ke3 Ra3+ 45. Kf2 a4 46. Kg3 Ra1 47. Rg6 Rg1+ 48. Kh2 Ra1 49. h6 Ra2+ 50. Kg3 Ra1 51. Rxg5+ Kf6 52. Rh5 1-0

[Event "WY U-16 Chess Olympiad 2019"]
[Site "Corum"]
[Date "2019.10.30"]
[Round "3"]
[White "Turcan, Richard"]
[Black "Can, Isik"]
[Result "0-1"]
[WhiteElo "2174"]
[BlackElo "2361"]
[Annotator "NA"]
[PlyCount "87"]
[EventDate "2019.10.28"]
[EventType "team-tourn"]
[EventCountry "TUR"]
[SourceTitle "playchess.com"]
[Source "ChessBase"]
[SourceQuality "1"]

1. e4 c6 2. d4 d5 3. Nc3 dxe4 4. Nxe4 Bf5 5. Ng3 Bg6 6. Nf3 Nd7 7. h4 h6 8. h5 Bh7 9. Bd3 Bxd3 10. Qxd3 e6 11. Bd2 Ngf6 12. O-O-O Be7 13. Kb1 O-O 14. Ne4 c5 15. Nxf6+ Bxf6 16. Be3 cxd4 17. Bxd4 Bxd4 18. Qxd4 Nf6 19. Qh4 Qc7 20. Nd4 Rfd8 21. c3 Rd5 22. g4 Rad8 23. Rdg1 Ne4 24. Rc1 Qf4 25. f3 Ng5 26. Rhf1 e5 27. Ne2 Qe3 28. Qf2 Rd3 29. Qxe3 Rxe3 30. Ng1 e4 31. f4 Ne6 32. Rce1 Rg3 33. Rxe4 Rxg4 34. Ne2 Rd5 35. Rb4 Nc5 36. f5 Rxb4 37. cxb4 Ne4 38. Nc3 Nd2+ 39. Kc2 Nxf1 40. Nxd5 Ng3 41. Nf4 Nxf5 42. Kd3 Kh7 43. Ke4 g6 44. a4 0-1

[Event "WY U-16 Chess Olympiad 2019"]
[Site "Corum"]
[Date "2019.10.30"]
[Round "3"]
[White "Itgelt, Khuyagtsogt"]
[Black "Ceres, Dragos"]
[Result "0-1"]
[WhiteElo "2160"]
[BlackElo "2302"]
[Annotator "NA"]
[PlyCount "148"]
[EventDate "2019.10.28"]
[EventType "team-tourn"]
[EventCountry "TUR"]
[SourceTitle "playchess.com"]
[Source "ChessBase"]
[SourceQuality "1"]

1. d4 Nf6 2. c4 c5 3. d5 e6 4. Nc3 exd5 5. cxd5 d6 6. g3 g6 7. Bg2 Bg7 8. Nf3 O-O 9. O-O Re8 10. Nd2 a6 11. a4 Nbd7 12. Ra2 Rb8 13. a5 b5 14. axb6 Nxb6 15. b3 Qe7 16. Bb2 Nfd7 17. Qc2 f5 18. h3 Nf6 19. Rd1 Bb7 20. Nc4 Nxc4 21. bxc4 Bc8 22. e3 h5 23. h4 Ng4 24. Ne2 g5 25. hxg5 Bxb2 26. Rxb2 Rxb2 27. Qxb2 Qxg5 28. Nf4 h4 29. Nh3 Qh6 30. gxh4 Qxh4 31. Qb6 Qe7 32. Nf4 Nxf2 33. Rf1 Ng4 34. Rf3 Nxe3 35. Ne6 Ng4 36. Rxf5 Bxe6 37. dxe6 Ne3 38. Rf2 Qxe6 39. Qxa6 Qe5 40. Qa7 Qg7 41. Qxg7+ Kxg7 42. Rf4 Kg6 43. Bc6 Kg5 44. Rf7 Re5 45. Bb5 Re4 46. Rd7 Rd4 47. Kf2 Ng4+ 48. Ke2 Nf6 49. Rg7+ Kf5 50. Rg3 Ke5 51. Re3+ Re4 52. Kd3 Kf4 53. Rxe4+ Nxe4 54. Bc6 Nf2+ 55. Kc3 Ke3 56. Bd5 Ne4+ 57. Kb3 Kd4 58. Kc2 Nf6 59. Be6 Nh5 60. Bf7 Nf4 61. Kb3 Kd3 62. Bg8 Ne2 63. Bh7+ Kd2 64. Kb2 Nd4 65. Bg6 Nc6 66. Bh7 Na5 67. Bg8 Kd3 68. Ka3 Nxc4+ 69. Ka4 Ne3 70. Kb5 c4 71. Kb4 c3 72. Bh7+ Kd2 73. Kb3 c2 74. Bxc2 Nxc2 0-1

[Event "WY U-16 Chess Olympiad 2019"]
[Site "Corum"]
[Date "2019.10.30"]
[Round "3"]
[White "Samadashvili, Martha"]
[Black "Wong Ching Chi"]
[Result "1-0"]
[WhiteElo "2155"]
[BlackElo "1879"]
[Annotator "NA"]
[PlyCount "93"]
[EventDate "2019.10.28"]
[EventType "team-tourn"]
[EventCountry "TUR"]
[SourceTitle "playchess.com"]
[Source "ChessBase"]
[SourceQuality "1"]

1. e4 c5 2. Nf3 d6 3. Bb5+ Bd7 4. Bxd7+ Qxd7 5. c4 Nc6 6. Nc3 g6 7. d4 cxd4 8. Nxd4 Bg7 9. Nde2 Nf6 10. f3 Rc8 11. Be3 O-O 12. O-O Rfd8 13. Qd2 Na5 14. b3 b6 15. Rfd1 Nb7 16. a4 Nc5 17. Qa2 Qb7 18. Rab1 e6 19. b4 Na6 20. a5 Nc7 21. b5 d5 22. Nd4 Nd7 23. a6 Qa8 24. exd5 exd5 25. Nxd5 Re8 26. Bf2 Ne5 27. Nb4 Ne6 28. Ndc6 Nd8 29. Nxe5 Bxe5 30. Rd7 Rc7 31. Rxc7 Bxc7 32. Nd5 Be5 33. f4 Bd6 34. Nf6+ Kf8 35. Nxe8 Kxe8 36. Qb2 Ne6 37. Qh8+ Bf8 38. Re1 Qc8 39. Qe5 Qd8 40. Qd5 Bd6 41. Rd1 Ke7 42. Bh4+ f6 43. Bxf6+ Kxf6 44. Qxd6 Qxd6 45. Rxd6 Ke7 46. Rxe6+ Kxe6 47. c5 1-0

[Event "WY U-16 Chess Olympiad 2019"]
[Site "Corum"]
[Date "2019.10.30"]
[Round "3"]
[White "Shirliyev, Allayar"]
[Black "Pobor, Milo"]
[Result "0-1"]
[WhiteElo "2149"]
[BlackElo "2064"]
[Annotator "NA"]
[PlyCount "114"]
[EventDate "2019.10.28"]
[EventType "team-tourn"]
[EventCountry "TUR"]
[SourceTitle "playchess.com"]
[Source "ChessBase"]
[SourceQuality "1"]

1. e4 c5 2. Nf3 e6 3. d4 cxd4 4. Nxd4 Nc6 5. Nc3 Qc7 6. Be3 a6 7. Qf3 Ba3 8. Nxc6 Bxb2 9. Bd4 Bxa1 10. Bxg7 Qxc6 11. Bxh8 b5 12. a3 Bb7 13. Be2 Rc8 14. Kd2 Qd6+ 15. Qd3 Qf4+ 16. Qe3 Qxe3+ 17. fxe3 Bxc3+ 18. Bxc3 Bxe4 19. Bf3 Bxf3 20. gxf3 Ne7 21. Rg1 Ng6 22. Rg5 Rc4 23. f4 Kf8 24. h4 Nxh4 25. Rh5 Nf5 26. Rxh7 Ke7 27. Rh8 d6 28. Bb4 Re4 29. Ra8 Nxe3 30. Kd3 f5 31. Rxa6 Nc4 32. Ra7+ Kf6 33. c3 Rxf4 34. Rb7 d5 35. Ke2 Rg4 36. Rxb5 Rg2+ 37. Ke1 Ra2 38. Rb8 Nxa3 39. Rf8+ Ke5 40. Bc5 Ke4 41. Kf1 Nc4 42. Re8 e5 43. Ke1 Rc2 44. Bd4 Kf4 45. Ba7 Rxc3 46. Ke2 Ra3 47. Bc5 Ra5 48. Bg1 Ke4 49. Rg8 Ra2+ 50. Kd1 f4 51. Bc5 f3 52. Rf8 Ne3+ 53. Kc1 Rc2+ 54. Kb1 Rxc5 55. Kb2 Rc2+ 56. Kb3 f2 57. Rf7 Re2 0-1

[Event "WY U-16 Chess Olympiad 2019"]
[Site "Corum"]
[Date "2019.10.30"]
[Round "3"]
[White "Butvilas, Aistis"]
[Black "Chatzieleftheriou, Andreas"]
[Result "1/2-1/2"]
[WhiteElo "2116"]
[BlackElo "2258"]
[Annotator "NA"]
[PlyCount "125"]
[EventDate "2019.10.28"]
[EventType "team-tourn"]
[EventCountry "TUR"]
[SourceTitle "playchess.com"]
[Source "ChessBase"]
[SourceQuality "1"]

1. d4 d5 2. c4 e6 3. Nc3 a6 4. cxd5 exd5 5. Nf3 Nf6 6. Bg5 Be6 7. Bxf6 Qxf6 8. Qb3 b5 9. a4 b4 10. Nxd5 Qd8 11. e4 c6 12. Qe3 cxd5 13. exd5 Qxd5 14. Rc1 Be7 15. Bd3 Qd6 16. Be4 Ra7 17. d5 Rd7 18. dxe6 fxe6 19. O-O O-O 20. Bc2 Bf6 21. Bb3 Kh8 22. Rcd1 Qe7 23. Ne5 Bxe5 24. Qxe5 Rfd8 25. Rxd7 Nxd7 26. Qc7 Qf6 27. Bxe6 Ne5 28. Bf5 g6 29. Bb1 Rd2 30. Qb8+ Kg7 31. Qxb4 Rxb2 32. Qc3 Nc6 33. Qxf6+ Kxf6 34. Be4 Nd4 35. Bd3 a5 36. Rb1 Ra2 37. Bb5 Ke5 38. h4 h6 39. Be8 g5 40. Rb6 gxh4 41. Rxh6 Ne2+ 42. Kh2 Nf4 43. Rxh4 Rxf2 44. Rg4 Ne2 45. Rg5+ Rf5 46. Rxf5+ Kxf5 47. g3 Nc3 48. Kg2 Ne4 49. Bd7+ Kg5 50. Bc6 Nc5 51. Bb5 Kf5 52. Kf3 Kg5 53. Bc6 Kf5 54. Kg2 Kg4 55. Bf3+ Kg5 56. Bd1 Kf5 57. Kf3 Kg5 58. Ke3 Kf5 59. Kf3 Kg5 60. Bc2 Ne6 61. Ke4 Nc5+ 62. Kd5 Nxa4 63. Ke4 1/2-1/2

[Event "WY U-16 Chess Olympiad 2019"]
[Site "Corum"]
[Date "2019.10.30"]
[Round "3"]
[White "Miletic, Vuk"]
[Black "Nurmamedov, Azat"]
[Result "0-1"]
[WhiteElo "2105"]
[BlackElo "2368"]
[Annotator "NA RC"]
[PlyCount "56"]
[EventDate "2019.10.28"]
[EventType "team-tourn"]
[EventCountry "TUR"]
[SourceTitle "playchess.com"]
[Source "ChessBase"]
[SourceQuality "1"]

1. d4 Nf6 2. c4 e6 3. Nf3 b6 4. g3 Bb4+ 5. Bd2 Be7 6. Nc3 O-O 7. Bg2 Ba6 8. b3 c6 9. O-O d5 10. cxd5 cxd5 11. Bg5 Nc6 12. Bxf6 Bxf6 13. Rc1 Rc8 14. Re1 Be7 15. Nb1 Bb4 16. Nbd2 Qd6 17. Rc2 Rc7 18. Qb1 Rfc8 19. Bf1 Nxd4 20. Rxc7 Qxc7 21. Nxd4 Bxd2 22. Rd1 Bb4 23. e3 Bb7 24. Bd3 g6 25. h4 e5 26. Ne2 e4 27. Rc1 exd3 28. Rxc7 dxe2 0-1

[Event "WY U-16 Chess Olympiad 2019"]
[Site "Corum"]
[Date "2019.10.30"]
[Round "3"]
[White "Moazaz, Dhahir Habeeb"]
[Black "Tantipura, Noppakorn"]
[Result "0-1"]
[WhiteElo "2087"]
[BlackElo "1851"]
[Annotator "NA"]
[PlyCount "64"]
[EventDate "2019.10.28"]
[EventType "team-tourn"]
[EventCountry "TUR"]
[SourceTitle "playchess.com"]
[Source "ChessBase"]
[SourceQuality "1"]

1. c4 b6 2. d4 Bb7 3. Nc3 e6 4. e4 Bb4 5. Bd3 f5 6. Qh5+ g6 7. Qe2 Nf6 8. f3 Nc6 9. e5 Nh5 10. Be3 d6 11. Rd1 O-O 12. a3 Bxc3+ 13. bxc3 dxe5 14. dxe5 Qe7 15. f4 Qxa3 16. Qc2 g5 17. Nh3 gxf4 18. Nxf4 Nxf4 19. Bxf4 Qc5 20. Qe2 Rad8 21. Rf1 Rf7 22. Bg5 Rdf8 23. Bf6 Rxf6 24. exf6 Rxf6 25. Bc2 Ne5 26. Rd4 Bc6 27. g4 Rg6 28. h3 h5 29. gxf5 Rg2 30. Qxh5 Nf3+ 31. Rxf3 Qe5+ 32. Kf1 Qe2# 0-1

[Event "WY U-16 Chess Olympiad 2019"]
[Site "Corum"]
[Date "2019.10.30"]
[Round "3"]
[White "Mai, Alexander Oliver"]
[Black "Acimovic, Sergej"]
[Result "0-1"]
[WhiteElo "2085"]
[BlackElo "1998"]
[Annotator "NA"]
[PlyCount "138"]
[EventDate "2019.10.28"]
[EventType "team-tourn"]
[EventCountry "TUR"]
[SourceTitle "playchess.com"]
[Source "ChessBase"]
[SourceQuality "1"]

1. e4 c5 2. Nf3 Nc6 3. d4 cxd4 4. Nxd4 Nf6 5. Nc3 e5 6. Ndb5 d6 7. Bg5 a6 8. Na3 b5 9. Bxf6 gxf6 10. Nd5 f5 11. Bd3 Be6 12. O-O Bxd5 13. exd5 Ne7 14. Re1 Bg7 15. c3 O-O 16. Qh5 e4 17. Bf1 b4 18. cxb4 Bxb2 19. Rab1 Bg7 20. Bc4 Qb6 21. Nc2 Rac8 22. Bb3 Rfe8 23. Ne3 f4 24. Nc4 Qxb4 25. Rxe4 Ng6 26. Qf5 Rxe4 27. Qxc8+ Nf8 28. Rf1 a5 29. Qc7 Be5 30. Nxe5 Rxe5 31. Qc2 f3 32. Qd1 fxg2 33. Kxg2 Ng6 34. Kh1 Re4 35. Rg1 Rh4 36. Qf3 Qd4 37. Qg3 a4 38. Bd1 Rf4 39. Bf3 Qf6 40. Bd1 Rxf2 41. Bxa4 Rxa2 42. Bd1 Qf5 43. Bf3 Ra3 44. Rf1 Qe5 45. Qf2 Qf5 46. Qg2 Re3 47. Bg4 Qe4 48. Bf3 Qe5 49. Qf2 Ra3 50. Bg2 Qg7 51. Qb6 Qe5 52. Qd8+ Kg7 53. Qd7 Qe7 54. Qf5 Re3 55. Qf2 Re5 56. Qb2 f6 57. Qf2 Re2 58. Qg3 Qe5 59. Qg4 Re1 60. Qd7+ Qe7 61. Qf5 Rxf1+ 62. Bxf1 Qe5 63. Qf3 Nf4 64. Qg4+ Kf7 65. Qd7+ Kg6 66. Qg4+ Qg5 67. Qf3 Qxd5 68. Bd3+ f5 69. Be2 Qe4 0-1

[Event "WY U-16 Chess Olympiad 2019"]
[Site "Corum"]
[Date "2019.10.30"]
[Round "3"]
[White "Jordanov Mihail"]
[Black "Burbach, Brunel Baron"]
[Result "1-0"]
[WhiteElo "2080"]
[BlackElo "1642"]
[Annotator "NA"]
[PlyCount "69"]
[EventDate "2019.10.28"]
[EventType "team-tourn"]
[EventCountry "TUR"]
[SourceTitle "playchess.com"]
[Source "ChessBase"]
[SourceQuality "1"]

1. e4 e5 2. Nf3 Nf6 3. Nxe5 d6 4. Nf3 Nxe4 5. Nc3 Nxc3 6. dxc3 Be7 7. Bd3 O-O 8. Bf4 b6 9. Qd2 Bb7 10. O-O-O Nd7 11. h4 Nf6 12. Nd4 Ne4 13. Qe2 Nc5 14. Qg4 Bf6 15. Bg5 Kh8 16. Qf5 Nxd3+ 17. Rxd3 Re8 18. Qg4 Re4 19. Qg3 Qd7 20. Bxf6 gxf6 21. f3 Re5 22. Qf4 Qe7 23. Rdd1 Re8 24. b3 d5 25. g4 Qd6 26. Nf5 Qe6 27. Ng3 c5 28. Nh5 f5 29. g5 Re3 30. Nf6 Re7 31. Qb8+ Bc8 32. Nxd5 Rb7 33. Qf4 Re5 34. Nf6 Bd7 35. Nxd7 1-0

[Event "WY U-16 Chess Olympiad 2019"]
[Site "Corum"]
[Date "2019.10.30"]
[Round "3"]
[White "Navaratnam, Rohan Shan Tze"]
[Black "Hua, Eugene"]
[Result "0-1"]
[WhiteElo "2061"]
[BlackElo "2285"]
[Annotator "NA"]
[PlyCount "166"]
[EventDate "2019.10.28"]
[EventType "team-tourn"]
[EventCountry "TUR"]
[SourceTitle "playchess.com"]
[Source "ChessBase"]
[SourceQuality "1"]

1. d4 Nf6 2. c4 e6 3. Nf3 d5 4. g3 dxc4 5. Bg2 a6 6. Ne5 Bb4+ 7. Nc3 Nd5 8. Bd2 Nb6 9. e3 N8d7 10. Nxd7 Qxd7 11. Ne4 Qe7 12. O-O a5 13. a3 Bd6 14. Qc2 O-O 15. Rfc1 Bd7 16. Be1 Bc6 17. Nd2 Bxg2 18. Kxg2 e5 19. Nxc4 Nxc4 20. Qxc4 e4 21. Qe2 Qe6 22. Rc2 Qd5 23. Rac1 Rae8 24. Rc4 Re6 25. Ra4 b6 26. Qc4 Qf5 27. d5 Rh6 28. Qxe4 Qh3+ 29. Kg1 Qxh2+ 30. Kf1 Bxg3 31. Qg2 Be5 32. Qxh2 Rxh2 33. Kg1 Rh5 34. Bc3 Bxc3 35. Rxc3 Rxd5 36. Rxc7 g5 37. Ra7 Rc8 38. b4 axb4 39. Rxb4 Rf5 40. Rb2 h5 41. Rb7 Rc1+ 42. Kg2 Ra1 43. R7xb6 Rxa3 44. R2b5 Ra5 45. Rxf5 Rxf5 46. e4 Re5 47. Rh6 g4 48. f3 Kg7 49. Rd6 Re6 50. Rd5 Kg6 51. Kg3 gxf3 52. Kxf3 Ra6 53. Kf4 Rf6+ 54. Kg3 Rb6 55. Kf4 f6 56. Ra5 Rb1 57. Rc5 Rf1+ 58. Kg3 Rg1+ 59. Kf4 Rg2 60. Kf3 Rg5 61. Rc8 h4 62. Rg8+ Kh7 63. Ra8 Kg7 64. Ra2 Kg6 65. Rh2 Kh5 66. Kf4 Rg1 67. Kf3 Rf1+ 68. Ke2 Rf4 69. Ke3 Kg5 70. Ra2 Rf1 71. Rg2+ Kh5 72. Ke2 Rf4 73. Ke3 Rg4 74. Rf2 h3 75. Rh2 Kh4 76. Kf3 Rg3+ 77. Kf2 Kg4 78. Rh1 Rg2+ 79. Ke3 h2 80. Kd4 Kg3 81. Rf1 Rg1 82. Rxf6 h1=Q 83. Rg6+ Kf3 0-1

[Event "WY U-16 Chess Olympiad 2019"]
[Site "Corum"]
[Date "2019.10.30"]
[Round "3"]
[White "Vuckovic, Marko"]
[Black "Annageldiyev, Azatgeldi"]
[Result "1/2-1/2"]
[WhiteElo "2054"]
[BlackElo "1790"]
[Annotator "NA"]
[PlyCount "120"]
[EventDate "2019.10.28"]
[EventType "team-tourn"]
[EventCountry "TUR"]
[SourceTitle "playchess.com"]
[Source "ChessBase"]
[SourceQuality "1"]

1. e4 c5 2. Nf3 e6 3. d4 cxd4 4. Nxd4 Nc6 5. Nc3 Bc5 6. Nb3 Bb4 7. Bd3 Nge7 8. O-O d5 9. exd5 Nxd5 10. Nxd5 Qxd5 11. Qg4 Qe5 12. c3 Bd6 13. g3 h5 14. Qa4 Be7 15. Bf4 Qf6 16. h4 Bd7 17. Bg5 Qe5 18. Rfe1 Qc7 19. Bxe7 Nxe7 20. Bb5 a6 21. Bxd7+ Qxd7 22. Qxd7+ Kxd7 23. Rad1+ Kc7 24. Nc5 Rad8 25. Ne4 Nf5 26. Ng5 Rhf8 27. Kg2 Rd7 28. Rxd7+ Kxd7 29. Rd1+ Ke7 30. Kf3 Nd6 31. b3 Rc8 32. c4 b5 33. cxb5 axb5 34. Rd2 Rc3+ 35. Ke2 Rc1 36. Kd3 f6 37. Ne4 Nxe4 38. Kxe4 g5 39. hxg5 fxg5 40. a4 Rb1 41. Ra2 Rxb3 42. a5 Rc3 43. a6 Rc8 44. Ra5 Kf6 45. f4 gxf4 46. gxf4 h4 47. Rxb5 Rc4+ 48. Kf3 Ra4 49. Rh5 Rxa6 50. Rxh4 Ra3+ 51. Kg4 Ra4 52. Rh6+ Kf7 53. Kg5 Ra5+ 54. Kg4 Ra1 55. Rh3 Kg6 56. Re3 Rg1+ 57. Rg3 Rxg3+ 58. Kxg3 Kf5 59. Kf3 e5 60. fxe5 Kxe5 1/2-1/2

[Event "WY U-16 Chess Olympiad 2019"]
[Site "Corum"]
[Date "2019.10.30"]
[Round "3"]
[White "Zhang, Xiao"]
[Black "Ding, Dao En"]
[Result "1-0"]
[WhiteElo "2053"]
[BlackElo "1731"]
[Annotator "NA"]
[PlyCount "85"]
[EventDate "2019.10.28"]
[EventType "team-tourn"]
[EventCountry "TUR"]
[SourceTitle "playchess.com"]
[Source "ChessBase"]
[SourceQuality "1"]

1. d4 d5 2. c4 dxc4 3. Nf3 a6 4. e3 b5 5. a4 Bb7 6. axb5 axb5 7. Rxa8 Bxa8 8. b3 e6 9. bxc4 bxc4 10. Bxc4 Nf6 11. O-O Nbd7 12. Nc3 Bb4 13. Qb3 Bxc3 14. Qxc3 O-O 15. Rd1 Qb8 16. Ba3 Rc8 17. Ne5 Nxe5 18. dxe5 Nd5 19. Qd4 h6 20. Bc5 Qb7 21. Qg4 Nc3 22. Rc1 Qb2 23. Rf1 Bd5 24. Be7 Ra8 25. Bf6 g6 26. Qh4 Kh7 27. Bg5 h5 28. Qf4 Kg8 29. Bh6 Ne4 30. Bd3 Ra1 31. h4 Rxf1+ 32. Bxf1 Qa1 33. Qf3 Nd2 34. Qe2 Nxf1 35. Qxf1 Qxe5 36. Qb5 Kh7 37. Bf4 Qa1+ 38. Kh2 c6 39. Qb4 Qf6 40. Bg3 Qf5 41. Qe7 Kg7 42. Qc7 Kh7 43. Qb8 1-0